[Event "BLR-ch (Women)"]
[Site "Minsk"]
[Date "2019.06.03"]
[Round "5"]
[White "Stashis, Anna"]
[Black "Lagvilava, Genrieta"]
[Result "1-0"]
[WhiteElo "1902"]
[BlackElo "2171"]
[PlyCount "135"]
[EventDate "2019.05.30"]
[EventType "tourn"]
[EventRounds "9"]
[EventCountry "BLR"]
[SourceTitle "CBM 190 Extra"]
[Source "ChessBase"]
[SourceDate "2019.07.15"]
[SourceVersion "1"]
[SourceVersionDate "2019.07.15"]
[SourceQuality "1"]

1. e4 c5 2. c3 d6 3. d4 Qc7 4. Bd3 Nf6 5. Nf3 Bg4 6. 0-0 e6 7. Be3 Be7 8. Nbd2 Nc6 9. Qc2 0-0 10. Rfe1 e5 11. h3 Bh5 12. dxc5 dxc5 13. Nh4 Bg6 14. Nxg6 hxg6 15. Nf3 a6 16. a4 Na5 17. b3 Rfe8 18. Nd2 Rad8 19. Bc4 Bf8 20. Bg5 Rd7 21. Bxf6 gxf6 22. Bd5 Nc6 23. Nc4 Bh6 24. Ne3 Bxe3 25. fxe3 Ne7 26. c4 Kg7 27. Rf1 Rh8 28. Rf3 g5 29. Raf1 Rh6 30. Qf2 Rd6 31. Qg3 Rg6 32. h4 gxh4 33. Qxh4 Ng8 34. Rh3 Qd7 35. Qh7+ Kf8 36. Rff3 Rg7 37. Qh8 Qg4 38. Rhg3 Qxg3 39. Rxg3 Rxg3 40. Kf2 Rg6 41. Qh3 Ne7 42. Qh8+ Ng8 43. Qh3 Ne7 44. Qh8+ Ng8 45. Qh3 Rd8 46. Bxb7 Rd2+ 47. Kf3 a5 48. Bc8 Rb2 49. Bf5 Rh6 50. Qg3 Rh1 51. Bh3 Rf1+ 52. Kg4 Rxb3 53. Kh4 Ne7 54. Kh5 Ng6 55. Kh6 Rf4 56. Bg4 Rxe4 57. Qf3 Ke7 58. Qxe4 Rb6 59. Bf5 Nf8 60. Qd5 Ne6 61. Bxe6 fxe6 62. Qxc5+ Rd6 63. Qxa5 Rd7 64. c5 f5 65. c6 Rd5 66. Qa7+ Kd8 67. Qb8+ Ke7 68. c7 1-0

[Event "BLR-ch (Women)"]
[Site "Minsk"]
[Date "2019.06.02"]
[Round "4"]
[White "Lagvilava, Genrieta"]
[Black "Malatsilava, Volha"]
[Result "1-0"]
[WhiteElo "2171"]
[BlackElo "2031"]
[PlyCount "87"]
[EventDate "2019.05.30"]
[EventType "tourn"]
[EventRounds "9"]
[EventCountry "BLR"]
[SourceTitle "CBM 190 Extra"]
[Source "ChessBase"]
[SourceDate "2019.07.15"]
[SourceVersion "1"]
[SourceVersionDate "2019.07.15"]
[SourceQuality "1"]

1. e4 e6 2. Nc3 d5 3. Nf3 dxe4 4. Nxe4 Nf6 5. Nxf6+ Qxf6 6. d4 h6 7. Bd3 Bd6 8. 0-0 0-0 9. Qe2 Qe7 10. Ne5 Nd7 11. Nc4 c5 12. Nxd6 Qxd6 13. dxc5 Nxc5 14. Rd1 Qc7 15. Bc4 e5 16. Be3 Ne6 17. Bb3 Bd7 18. c3 Kh8 19. Qh5 Nf4 20. Bxf4 exf4 21. Rd4 Rae8 22. Rad1 Bc6 23. Qf5 Qe7 24. h3 f3 25. gxf3 g6 26. Qf4 Kg7 27. Rd6 Qg5+ 28. Qxg5 hxg5 29. Bd5 Bxd5 30. R6xd5 Rh8 31. Kg2 Re6 32. Rxg5 f5 33. f4 Rb6 34. Rd2 Rh4 35. Kg3 Rh8 36. h4 Rh6 37. Kh3 Kf6 38. Rg3 Re6 39. Re3 Rc6 40. Rd7 Rc8 41. Red3 Rc6 42. Rxb7 a6 43. Rbd7 Ke6 44. c4 1-0

[Event "BLR-ch (Women)"]
[Site "Minsk"]
[Date "2019.06.01"]
[Round "3"]
[White "Prakapuk, Vera"]
[Black "Lagvilava, Genrieta"]
[Result "0-1"]
[WhiteElo "1988"]
[BlackElo "2171"]
[PlyCount "68"]
[EventDate "2019.05.30"]
[EventType "tourn"]
[EventRounds "9"]
[EventCountry "BLR"]
[SourceTitle "CBM 190 Extra"]
[Source "ChessBase"]
[SourceDate "2019.07.15"]
[SourceVersion "1"]
[SourceVersionDate "2019.07.15"]
[SourceQuality "1"]

1. e4 c5 2. Nf3 d6 3. Bb5+ Bd7 4. a4 Nf6 5. Nc3 g6 6. 0-0 Bg7 7. e5 dxe5 8. Nxe5 Bxb5 9. axb5 0-0 10. d3 Nbd7 11. Nf3 Nb6 12. Bg5 Nfd5 13. Qd2 Re8 14. h4 Qd7 15. Ne4 c4 16. dxc4 Nxc4 17. Qe2 Qxb5 18. b3 Nd6 19. c4 Qb4 20. Bd2 Nc3 21. Nxc3 Bxc3 22. Bxc3 Qxc3 23. Nd2 Nf5 24. Ne4 Qg7 25. g3 Nd4 26. Qd3 Rad8 27. Rfd1 e5 28. Kg2 f5 29. Nc5 b6 30. Na4 Qb7+ 31. f3 e4 32. fxe4 Rxe4 33. Kf2 f4 34. Nc3 Re3 0-1

[Event "BLR-ch (Women)"]
[Site "Minsk"]
[Date "2019.05.31"]
[Round "2"]
[White "Lagvilava, Genrieta"]
[Black "Tarasenka, Aliaksandra"]
[Result "0-1"]
[WhiteElo "2171"]
[BlackElo "1875"]
[PlyCount "132"]
[EventDate "2019.05.30"]
[EventType "tourn"]
[EventRounds "9"]
[EventCountry "BLR"]
[SourceTitle "CBM 190 Extra"]
[Source "ChessBase"]
[SourceDate "2019.07.15"]
[SourceVersion "1"]
[SourceVersionDate "2019.07.15"]
[SourceQuality "1"]

1. e4 c5 2. b3 Nc6 3. Bb2 e5 4. Bc4 d6 5. Nc3 Be6 6. d3 g6 7. Nge2 Bg7 8. 0-0 Nge7 9. f4 0-0 10. Nd5 f5 11. Qd2 Qd7 12. Nxe7+ Nxe7 13. fxe5 dxe5 14. Bxe6+ Qxe6 15. exf5 Nxf5 16. Rae1 Qd5 17. Nc3 Qd4+ 18. Qf2 Ng3 19. Qxd4 Rxf1+ 20. Rxf1 exd4 21. hxg3 dxc3 22. Bc1 Bd4+ 23. Kh2 h5 24. Re1 Rf8 25. Bf4 Rf5 26. Re8+ Kf7 27. Re4 g5 28. Be3 Bxe3 29. Rxe3 Rf2 30. Rf3+ Rxf3 31. gxf3 Kf6 32. Kg2 Ke5 33. Kf2 Kd4 34. Ke2 b6 35. a3 a6 36. Kf2 Kd5 37. Ke3 Ke5 38. Kf2 Kf5 39. Kg2 Ke5 40. Kf2 Kd4 41. Ke2 h4 42. gxh4 gxh4 43. f4 h3 44. Kf3 h2 45. Kg2 Ke3 46. f5 Kd2 47. f6 Kxc2 48. f7 Kb1 49. f8Q c2 50. Kxh2 c1Q 51. Qf5 Ka2 52. b4 Kxa3 53. bxc5 Qxc5 54. Qe4 b5 55. d4 Qh5+ 56. Kg2 Qg5+ 57. Kf2 Qd2+ 58. Kf3 b4 59. d5 b3 60. Qe7+ Ka2 61. d6 Qd5+ 62. Kf2 b2 63. d7 b1Q 64. d8Q Qbf5+ 65. Ke1 Qb1+ 66. Kf2 Qc2+ 0-1

[Event "BLR-ch (Women) 62nd"]
[Site "Minsk"]
[Date "2018.01.25"]
[Round "8"]
[White "Malatsilava, Volha"]
[Black "Lagvilava, Genrieta"]
[Result "1-0"]
[WhiteElo "2043"]
[BlackElo "2165"]
[PlyCount "85"]
[EventDate "2018.01.18"]
[EventType "tourn"]
[EventRounds "11"]
[EventCountry "BLR"]
[SourceTitle "CBM 182 Extra"]
[Source "ChessBase"]
[SourceDate "2018.02.23"]
[SourceVersion "1"]
[SourceVersionDate "2018.02.23"]
[SourceQuality "1"]

1. e4 c6 2. d4 d5 3. exd5 cxd5 4. Bd3 Nc6 5. c3 Nf6 6. Bf4 g6 7. h3 Bg7 8. Nf3 0-0 9. 0-0 Bf5 10. Re1 Bxd3 11. Qxd3 a6 12. Nbd2 e6 13. Ne5 Rc8 14. Nxc6 Rxc6 15. Be5 Bh6 16. a4 Nd7 17. Bg3 Bg7 18. a5 f6 19. c4 dxc4 20. Nxc4 Nb8 21. Bxb8 Qxb8 22. d5 Qd8 23. d6 f5 24. Rxe6 Qh4 25. Ne5 Rcc8 26. d7 Rcd8 27. Qb3 Kh8 28. Rd1 f4 29. Nf3 Qh5 30. Rd5 Qh6 31. Qb6 Kg8 32. h4 Bh8 33. Qd6 Qg7 34. h5 Qxb2 35. hxg6 h6 36. Ne5 Qb1+ 37. Rd1 Qf5 38. Nf7 Rxf7 39. gxf7+ Qxf7 40. Rxh6 Bg7 41. Re6 Bf8 42. Qd5 Bg7 43. Re8+ 1-0

[Event "BLR-ch (Women) 62nd"]
[Site "Minsk"]
[Date "2018.01.23"]
[Round "6"]
[White "Ziaziulkina, Nastassia"]
[Black "Lagvilava, Genrieta"]
[Result "1/2-1/2"]
[WhiteElo "2357"]
[BlackElo "2165"]
[PlyCount "86"]
[EventDate "2018.01.18"]
[EventType "tourn"]
[EventRounds "11"]
[EventCountry "BLR"]
[SourceTitle "CBM 182 Extra"]
[Source "ChessBase"]
[SourceDate "2018.02.23"]
[SourceVersion "1"]
[SourceVersionDate "2018.02.23"]
[SourceQuality "1"]

1. e4 c5 2. Nf3 e6 3. d4 cxd4 4. Nxd4 Nf6 5. Nc3 d6 6. g4 h6 7. h4 Nc6 8. Rg1 h5 9. gxh5 Nxh5 10. Be2 Nf6 11. Bg5 Be7 12. Qd2 Nxd4 13. Qxd4 a6 14. 0-0-0 e5 15. Qd2 Be6 16. f4 Qa5 17. a3 exf4 18. Qxf4 0-0-0 19. Nd5 Bxd5 20. exd5 Kb8 21. Qd4 Qc5 22. Qd3 Rc8 23. Kb1 Qc7 24. Bf1 Nh5 25. Bh3 Rce8 26. Qf3 Bxg5 27. hxg5 g6 28. Rdf1 Nf4 29. Bg4 Rh2 30. Rc1 Qc4 31. Qg3 Rd2 32. Bf3 Re5 33. Rgd1 Rxd1 34. Rxd1 Nxd5 35. Bxd5 Rxd5 36. Rxd5 Qxd5 37. b3 Kc7 38. Qc3+ Kd7 39. Qh3+ Ke7 40. Qg4 Qe6 41. Qb4 Qd5 42. Qg4 Qc5 43. Qe4+ Kf8 1/2-1/2

[Event "BLR-ch (Women) 62nd"]
[Site "Minsk"]
[Date "2018.01.18"]
[Round "1"]
[White "Lagvilava, Genrieta"]
[Black "Ilyuchyk, Yana"]
[Result "1/2-1/2"]
[WhiteElo "2165"]
[BlackElo "2089"]
[PlyCount "113"]
[EventDate "2018.01.18"]
[EventType "tourn"]
[EventRounds "11"]
[EventCountry "BLR"]
[SourceTitle "CBM 182 Extra"]
[Source "ChessBase"]
[SourceDate "2018.02.23"]
[SourceVersion "1"]
[SourceVersionDate "2018.02.23"]
[SourceQuality "1"]

1. e4 c5 2. Nc3 Nc6 3. Bb5 Nd4 4. Bc4 e6 5. Nf3 a6 6. Nxd4 cxd4 7. Ne2 b5 8. Bd3 e5 9. 0-0 Nf6 10. c3 dxc3 11. dxc3 Be7 12. Ng3 d5 13. exd5 Qxd5 14. Qe2 Bb7 15. f3 0-0 16. Rd1 Qe6 17. Nf5 Bc5+ 18. Be3 Bxe3+ 19. Qxe3 g6 20. Ng3 Nd5 21. Qf2 f5 22. c4 Nf4 23. cxb5 Nxd3 24. Rxd3 axb5 25. Rad1 e4 26. Rd6 Qxa2 27. Qb6 Qa7 28. R1d4 Qxb6 29. Rxb6 e3 30. Kf1 Rf7 31. Ke2 Re8 32. Kd1 Rc7 33. Ne2 Bc6 34. Rd6 Rec8 35. Nc3 Kf7 36. Ke2 f4 37. g3 Ke7 38. Rd4 g5 39. gxf4 gxf4 40. Rxf4 Kd6 41. Rxb5 Rg7 42. Rh5 Rg2+ 43. Kxe3 Rxb2 44. Rd4+ Ke6 45. Rh6+ Kf7 46. Rc4 Re8+ 47. Kf4 Ba8 48. Ne4 Kg7 49. Rh5 Rf8+ 50. Kg3 Rb3 51. Rc7+ Kg6 52. Kg4 Rbxf3 53. Rg5+ Kh6 54. Rh5+ Kg6 55. Rg5+ Kh6 56. Rh5+ Kg6 57. Rg5+ 1/2-1/2

[Event "BLR-ch (Women)"]
[Site "Minsk"]
[Date "2005.03.21"]
[Round "11"]
[White "Lagvilava, Genrieta"]
[Black "Sharevich, Anna"]
[Result "0-1"]
[WhiteElo "2277"]
[BlackElo "2274"]
[PlyCount "106"]
[EventDate "2005.03.11"]
[EventType "tourn"]
[EventRounds "11"]
[EventCountry "BLR"]
[SourceTitle "CBM 105 Extra"]
[Source "ChessBase"]
[SourceDate "2005.05.01"]
[SourceVersion "1"]
[SourceVersionDate "2005.05.01"]
[SourceQuality "1"]

1. f4 d5 2. Nf3 Nf6 3. g3 c5 4. Bg2 Nc6 5. 0-0 Bf5 6. d3 e6 7. Qe1 h6 8. Nh4 Bh7 9. c3 Be7 10. Nd2 Ng4 11. Nhf3 Nf6 12. Ne5 Nxe5 13. fxe5 Nd7 14. Nf3 0-0 15. h4 b5 16. Bd2 b4 17. cxb4 cxb4 18. Be3 Qb8 19. Bd4 Bc5 20. Bxc5 Nxc5 21. Qf2 Qb6 22. Rac1 Rac8 23. b3 Qa5 24. Nd4 Qb6 25. Kh2 Bg6 26. Qf4 Rce8 27. Qe3 Nd7 28. g4 f6 29. exf6 Nxf6 30. Kh3 e5 31. Rxf6 Rxf6 32. Bxd5+ Kh8 33. Nc2 Qd6 34. Bf3 e4 35. dxe4 Bxe4 36. Bxe4 Rfe6 37. Qd3 Qf4 38. e3 Qxe4 39. Qxe4 Rxe4 40. Re1 g6 41. Kg3 h5 42. gxh5 gxh5 43. Rd1 Rg4+ 44. Kf3 Rxh4 45. Rd7 Rf8+ 46. Ke2 Rh2+ 47. Kd3 Rff2 48. Nd4 Rxa2 49. Ke4 Ra5 50. Nf3 Rg2 51. Ne5 Rg7 52. Rxg7 Kxg7 53. Kf4 h4 0-1

[Event "BLR-ch (Women)"]
[Site "Minsk"]
[Date "2005.03.20"]
[Round "10"]
[White "Bondar, Tana"]
[Black "Lagvilava, Genrieta"]
[Result "1-0"]
[WhiteElo "2172"]
[BlackElo "2277"]
[PlyCount "117"]
[EventDate "2005.03.11"]
[EventType "tourn"]
[EventRounds "11"]
[EventCountry "BLR"]
[SourceTitle "CBM 105 Extra"]
[Source "ChessBase"]
[SourceDate "2005.05.01"]
[SourceVersion "1"]
[SourceVersionDate "2005.05.01"]
[SourceQuality "1"]

1. e4 c6 2. d4 d5 3. exd5 cxd5 4. Bd3 Nc6 5. c3 Qc7 6. h3 a6 7. Nf3 Nf6 8. Be3 g6 9. Nbd2 Bg7 10. Nb3 0-0 11. Qc1 a5 12. a4 b6 13. 0-0 Ba6 14. Bxa6 Rxa6 15. Bf4 Qb7 16. Ne5 Raa8 17. Re1 Rac8 18. Qe3 Rfe8 19. Qd3 Ne4 20. Ng4 h5 21. Ne3 Nf6 22. Nd2 Nd8 23. Nf3 Ne6 24. Bh2 Bh6 25. Ne5 Kg7 26. Rf1 Nf4 27. Bxf4 Bxf4 28. g3 Bh6 29. Kg2 Nd7 30. Nxd7 Qxd7 31. f4 f6 32. Rf2 Qe6 33. Re1 Qc6 34. f5 g5 35. g4 Qxa4 36. Nxd5 Qc6 37. Qf3 hxg4 38. hxg4 Rcd8 39. Rxe7+ Rxe7 40. Nxe7 Qxf3+ 41. Kxf3 Kf7 42. Ng6 b5 43. Re2 Rd7 44. Ke3 a4 45. Kd3 Rc7 46. Re6 Rb7 47. d5 b4 48. c4 b3 49. Ra6 Bf8 50. Nxf8 Kxf8 51. Rxf6+ Ke7 52. Ra6 Rb8 53. Rxa4 Rh8 54. c5 Kf6 55. Re4 Rh2 56. Re6+ Kf7 57. Re2 Rh3+ 58. Kc4 Rg3 59. Re4 1-0

[Event "BLR-ch (Women)"]
[Site "Minsk"]
[Date "2005.03.19"]
[Round "9"]
[White "Lagvilava, Genrieta"]
[Black "Savushkina, Evgenia"]
[Result "0-1"]
[WhiteElo "2277"]
[BlackElo "2074"]
[PlyCount "108"]
[EventDate "2005.03.11"]
[EventType "tourn"]
[EventRounds "11"]
[EventCountry "BLR"]
[SourceTitle "CBM 105 Extra"]
[Source "ChessBase"]
[SourceDate "2005.05.01"]
[SourceVersion "1"]
[SourceVersionDate "2005.05.01"]
[SourceQuality "1"]

1. e4 Nc6 2. Nf3 d6 3. d4 Bg4 4. Bb5 a6 5. Bxc6+ bxc6 6. 0-0 g6 7. h3 Bc8 8. Nbd2 Bg7 9. Re1 Nf6 10. e5 Nd5 11. c4 Nb6 12. Qe2 h6 13. b3 Be6 14. Bb2 d5 15. Rac1 0-0 16. Rf1 Nd7 17. Ne1 Re8 18. Nd3 Nf8 19. Nb4 a5 20. Nd3 Bc8 21. f4 Ne6 22. Qf2 Nf8 23. Nc5 e6 24. Nf3 Nd7 25. cxd5 cxd5 26. Qc2 Nb6 27. Nd2 Ra7 28. a4 Bf8 29. Nf3 Na8 30. Rf2 Kg7 31. Bc3 c6 32. Bd2 Qb6 33. Nh2 Be7 34. Ng4 Rh8 35. Rb1 Qc7 36. Qc1 h5 37. Nh2 Nb6 38. Nf3 Nd7 39. Be3 Nb8 40. Ng5 Na6 41. Nxa6 Bxa6 42. Qc2 Rc8 43. g4 hxg4 44. hxg4 Bxg5 45. fxg5 Rh8 46. Rh2 Raa8 47. Rh6 Rxh6 48. gxh6+ Kh7 49. Rc1 Rc8 50. Qf2 Qe7 51. Rc5 Rb8 52. Rxc6 Bd3 53. Rc7 Qxc7 54. Qf6 Rg8 0-1

[Event "BLR-ch (Women)"]
[Site "Minsk"]
[Date "2005.03.16"]
[Round "6"]
[White "Lagvilava, Genrieta"]
[Black "Kasparova, Tatiana"]
[Result "0-1"]
[WhiteElo "2277"]
[BlackElo "2204"]
[PlyCount "174"]
[EventDate "2005.03.11"]
[EventType "tourn"]
[EventRounds "11"]
[EventCountry "BLR"]
[SourceTitle "CBM 105 Extra"]
[Source "ChessBase"]
[SourceDate "2005.05.01"]
[SourceVersion "1"]
[SourceVersionDate "2005.05.01"]
[SourceQuality "1"]

1. e4 c6 2. Nf3 d5 3. Nc3 Bg4 4. h3 Bxf3 5. Qxf3 e6 6. d3 Nf6 7. Bd2 Nbd7 8. g4 h5 9. g5 Ng8 10. exd5 cxd5 11. d4 a6 12. Bd3 g6 13. Ne2 Bg7 14. 0-0-0 Ne7 15. Kb1 Nb6 16. Ba5 Nc6 17. Bxb6 Qxb6 18. c3 Qc7 19. Nf4 0-0-0 20. Rhe1 Rd7 21. Bc2 Bf8 22. Nd3 Bd6 23. Ba4 Kb8 24. Qe3 Rc8 25. Rc1 Qb6 26. f4 Rdc7 27. Bxc6 Rxc6 28. Ne5 R6c7 29. Ka1 Qb5 30. Qd2 Qe8 31. Nd3 Qd7 32. Rf1 Qa4 33. Nf2 Bf8 34. Nd1 Qc6 35. Ne3 b5 36. Kb1 Qb6 37. Qd3 Bg7 38. a3 Bf8 39. Qd1 a5 40. Qb3 Ka7 41. Rfe1 Bd6 42. Ng2 Rb7 43. f5 gxf5 44. g6 Bg3 45. gxf7 Bxe1 46. Rxe1 Rxf7 47. Nf4 Rc6 48. Nxh5 f4 49. Rf1 f3 50. Ng3 Rc8 51. Qd1 Rcf8 52. Qd3 Qc6 53. Nh1 Qc4 54. Nf2 Rg7 55. Qxc4 bxc4 56. Ng4 Rh7 57. Nf2 Rg8 58. Kc1 Rg2 59. Kd2 Rxh3 60. Ke3 Rhg3 61. Nh1 Re2+ 62. Kf4 Rg7 63. Kxf3 Rxb2 64. Re1 Rf7+ 65. Kg3 Rb8 66. Kg2 Rg8+ 67. Ng3 Rf6 68. Re3 Kb6 69. a4 Kc6 70. Rf3 Rfg6 71. Kf2 Rh8 72. Ne2 Rb8 73. Rf7 Rb2 74. Kf3 Ra2 75. Nf4 Rh6 76. Kg4 Rxa4 77. Kg5 Rh8 78. Nxe6 Ra1 79. Nf4 Rg8+ 80. Kf5 Rf1 81. Rf6+ Kb5 82. Ke5 Rd8 83. Rf7 Re1+ 84. Kf5 a4 85. Kf6 a3 86. Rb7+ Ka6 87. Re7 Rf8+ 0-1

[Event "BLR-ch (Women)"]
[Site "Minsk"]
[Date "2005.03.14"]
[Round "4"]
[White "Lagvilava, Genrieta"]
[Black "Gerasimovitch, Olga"]
[Result "1-0"]
[WhiteElo "2277"]
[BlackElo "2284"]
[PlyCount "85"]
[EventDate "2005.03.11"]
[EventType "tourn"]
[EventRounds "11"]
[EventCountry "BLR"]
[SourceTitle "CBM 105 Extra"]
[Source "ChessBase"]
[SourceDate "2005.05.01"]
[SourceVersion "1"]
[SourceVersionDate "2005.05.01"]
[SourceQuality "1"]

1. e4 c5 2. Nc3 d6 3. f4 Nc6 4. Nf3 g6 5. Bc4 e6 6. 0-0 Bg7 7. d3 Nge7 8. Qe1 Nd4 9. Nxd4 cxd4 10. Ne2 0-0 11. Bb3 a5 12. a4 Bd7 13. Qf2 Qb6 14. f5 exf5 15. Bg5 Rae8 16. Nf4 Qc5 17. Qh4 d5 18. exd5 Qd6 19. Bh6 Nc8 20. Bxg7 Kxg7 21. Rae1 Qb4 22. d6 Rxe1 23. Rxe1 Qxd6 24. Nd5 f4 25. Qf2 Bc6 26. Qxd4+ f6 27. Qxf4 Qxf4 28. Nxf4 Re8 29. Rxe8 Bxe8 30. Be6 Nb6 31. b3 g5 32. Ne2 Kf8 33. c4 Ke7 34. Bf5 h6 35. Nc3 Nd7 36. d4 Nb8 37. Kf2 Nc6 38. Ke3 h5 39. Nd5+ Kf7 40. Nc7 h4 41. Nxe8 Kxe8 42. c5 Ne7 43. Be4 1-0

[Event "Olympiad Women-36"]
[Site "Mallorca"]
[Date "2004.10.27"]
[Round "12.1"]
[White "Lagvilava, Genrieta"]
[Black "Berend, Elvira S"]
[Result "0-1"]
[WhiteElo "2299"]
[BlackElo "2307"]
[PlyCount "80"]
[EventDate "2004.10.15"]
[EventType "team-swiss"]
[EventRounds "14"]
[EventCountry "ESP"]
[SourceTitle "CBM 102 Extra"]
[Source "ChessBase"]
[SourceDate "2004.11.03"]
[SourceVersion "1"]
[SourceVersionDate "2004.11.03"]
[SourceQuality "1"]
[WhiteTeam "Belarus (W)"]
[BlackTeam "Luxembourg (W)"]
[WhiteTeamCountry "BLR"]
[BlackTeamCountry "LUX"]

1. e4 c5 2. Nc3 g6 3. g3 Bg7 4. Bg2 Nc6 5. d3 d6 6. Be3 e5 7. Qd2 Be6 8. Nge2 Nd4 9. 0-0 Ne7 10. f4 0-0 11. Rab1 Qd7 12. Nd5 Bxd5 13. exd5 Nef5 14. Bh3 Nxe2+ 15. Qxe2 Nxg3 16. Qg2 Nf5 17. Bd2 f6 18. Rbe1 Kh8 19. Bxf5 gxf5 20. Qh3 Rae8 21. Re2 b5 22. b3 c4 23. dxc4 bxc4 24. bxc4 Rc8 25. fxe5 fxe5 26. Re4 Rf7 27. Rh4 f4 28. Rxh7+ Kg8 29. Rb1 Qxh3 30. Rxh3 e4 31. Bc3 e3 32. Bxg7 Rxg7+ 33. Kf1 Rxc4 34. Rb8+ Kf7 35. Rf3 Rg5 36. Rb7+ Kf6 37. Rb3 Ke5 38. h4 Rg4 39. Rh3 Rxc2 40. h5 Rf2+ 0-1

[Event "Olympiad Women-36"]
[Site "Mallorca"]
[Date "2004.10.24"]
[Round "9.1"]
[White "Lagvilava, Genrieta"]
[Black "Bashkite, Viktoria"]
[Result "1-0"]
[WhiteElo "2299"]
[BlackElo "2206"]
[PlyCount "73"]
[EventDate "2004.10.15"]
[EventType "team-swiss"]
[EventRounds "14"]
[EventCountry "ESP"]
[SourceTitle "CBM 102 Extra"]
[Source "ChessBase"]
[SourceDate "2004.11.03"]
[SourceVersion "1"]
[SourceVersionDate "2004.11.03"]
[SourceQuality "1"]
[WhiteTeam "Belarus (W)"]
[BlackTeam "Estonia (W)"]
[WhiteTeamCountry "BLR"]
[BlackTeamCountry "EST"]

1. e4 e6 2. d4 d5 3. e5 c5 4. c3 Nc6 5. Nf3 Qb6 6. Be2 cxd4 7. cxd4 Nge7 8. Nc3 Nf5 9. Na4 Qa5+ 10. Kf1 Bd7 11. Bd2 Qd8 12. Bg5 Qa5 13. Bd2 Qd8 14. Be1 h5 15. h4 g6 16. g3 Bg7 17. Nc5 b6 18. Nxd7 Qxd7 19. Bb5 0-0 20. Kg2 a6 21. Ba4 b5 22. Bc2 f6 23. Bxf5 exf5 24. exf6 Bxf6 25. Bd2 Rfe8 26. Be3 Rac8 27. Qd2 Qd8 28. Rac1 Qb6 29. Rc2 Na5 30. b3 Rxc2 31. Qxc2 Nc6 32. Rc1 Rc8 33. Qc5 Qd8 34. Bg5 Bxg5 35. Nxg5 Ne7 36. Qxe7 Qxe7 37. Rxc8+ 1-0

[Event "Olympiad Women-36"]
[Site "Mallorca"]
[Date "2004.10.17"]
[Round "3.1"]
[White "Lagvilava, Genrieta"]
[Black "Charmova, Evgenia"]
[Result "1-0"]
[WhiteElo "2299"]
[BlackElo "2047"]
[PlyCount "135"]
[EventDate "2004.10.15"]
[EventType "team-swiss"]
[EventRounds "14"]
[EventCountry "ESP"]
[SourceTitle "CBM 102 Extra"]
[Source "ChessBase"]
[SourceDate "2004.11.03"]
[SourceVersion "1"]
[SourceVersionDate "2004.11.03"]
[SourceQuality "1"]
[WhiteTeam "Belarus (W)"]
[BlackTeam "New Zealand (W)"]
[WhiteTeamCountry "BLR"]
[BlackTeamCountry "NZL"]

1. e4 c5 2. Nc3 Nc6 3. g3 g6 4. Bg2 Bg7 5. d3 e6 6. Be3 d6 7. Nf3 Nf6 8. h3 0-0 9. 0-0 Rb8 10. d4 b6 11. Re1 Bb7 12. dxc5 dxc5 13. Qc1 e5 14. Bg5 Qe7 15. Nh2 Qe6 16. Nd5 Ne7 17. c4 Qd6 18. Bh6 Nfxd5 19. Bxg7 Kxg7 20. exd5 Nf5 21. Nf3 f6 22. a3 Nd4 23. Nxd4 exd4 24. Re6 Qd7 25. Qf4 Rbe8 26. Rae1 Rxe6 27. Rxe6 Rf7 28. b3 Qd8 29. Qe4 Kf8 30. Qf4 Kg7 31. Bf1 Bc8 32. Re1 Re7 33. Rd1 Bf5 34. b4 Re4 35. Qd2 h5 36. bxc5 bxc5 37. Rb1 Re2 38. Rb7+ Re7 39. Rb5 Qc8 40. Kh2 Rb7 41. a4 Bd7 42. Rxb7 Qxb7 43. a5 Bf5 44. Qf4 Qd7 45. a6 g5 46. Qf3 Kg6 47. Be2 g4 48. hxg4 Bxg4 49. Bd3+ Bf5 50. Bf1 Qd6 51. Be2 Bg4 52. Qe4+ f5 53. Qe8+ Kh7 54. Bxg4 hxg4 55. Qf7+ Kh8 56. Qxf5 Qh6+ 57. Kg2 Qxa6 58. Qh5+ Kg7 59. Qxg4+ Kf7 60. Qd7+ Kf6 61. Qd8+ Kg6 62. Qb8 Kf5 63. Qf8+ Qf6 64. Qxc5 d3 65. Qe3 Qc3 66. Qe6+ Kg5 67. f4+ Kh5 68. g4+ 1-0

[Event "EU-ch (Women) 5th"]
[Site "Dresden"]
[Date "2004.04.01"]
[Round "11"]
[White "Jiretorn, Eva"]
[Black "Lagvilava, Genrieta"]
[Result "0-1"]
[WhiteElo "2154"]
[BlackElo "2302"]
[PlyCount "98"]
[EventDate "2004.03.21"]
[EventType "swiss"]
[EventRounds "12"]
[EventCountry "GER"]
[SourceTitle "CBM 099 Extra"]
[Source "ChessBase"]
[SourceDate "2004.05.04"]
[SourceVersion "1"]
[SourceVersionDate "2004.05.04"]
[SourceQuality "1"]

1. d4 f5 2. c4 Nf6 3. g3 g6 4. Bg2 Bg7 5. Nc3 0-0 6. Nf3 d6 7. 0-0 c6 8. d5 e5 9. dxe6 Bxe6 10. b3 Na6 11. Ng5 Qe7 12. Bb2 Rad8 13. Qc2 Bc8 14. Rae1 Nc5 15. b4 Ne6 16. Nxe6 Bxe6 17. b5 Rc8 18. bxc6 bxc6 19. e4 Qf7 20. exf5 Bxf5 21. Ne4 Nxe4 22. Bxe4 Be6 23. Bxg7 Kxg7 24. Rc1 Qf6 25. Rb1 Rf7 26. Rfd1 d5 27. Bd3 dxc4 28. Be4 Rcf8 29. f4 Qe7 30. Qc3+ Kg8 31. Qd4 c3 32. Rbc1 Bg4 33. Re1 Rd8 34. Qxc3 Qd6 35. Qxc6 Qd4+ 36. Kh1 Qd2 37. Qc2 Kg7 38. Qc3+ Qxc3 39. Rxc3 Re7 40. Rce3 Rd2 41. a4 Kf6 42. Bc6 Rc7 43. Bf3 Bxf3+ 44. Rxf3 Rcc2 45. Rfe3 Rxh2+ 46. Kg1 Kf5 47. Re7 Kg4 48. Rd7 Rcg2+ 49. Kf1 Kf3 0-1

[Event "EU-ch (Women) 5th"]
[Site "Dresden"]
[Date "2004.03.28"]
[Round "8"]
[White "Lagvilava, Genrieta"]
[Black "Papadopoulou, Vera"]
[Result "1-0"]
[WhiteElo "2302"]
[BlackElo "2247"]
[PlyCount "101"]
[EventDate "2004.03.21"]
[EventType "swiss"]
[EventRounds "12"]
[EventCountry "GER"]
[SourceTitle "CBM 099 Extra"]
[Source "ChessBase"]
[SourceDate "2004.05.04"]
[SourceVersion "1"]
[SourceVersionDate "2004.05.04"]
[SourceQuality "1"]

1. e4 c5 2. Nc3 Nc6 3. Bb5 g6 4. Bxc6 bxc6 5. d3 Bg7 6. f4 d6 7. Nf3 Nh6 8. 0-0 f5 9. Qe2 0-0 10. e5 Rb8 11. Kh1 Nf7 12. Re1 Qc7 13. Na4 Nd8 14. b3 Ne6 15. Bd2 Nd4 16. Nxd4 cxd4 17. exd6 exd6 18. c3 dxc3 19. Bxc3 Bxc3 20. Nxc3 Bd7 21. d4 Rbe8 22. Qc4+ Kg7 23. d5 c5 24. b4 Rxe1+ 25. Rxe1 Re8 26. Rxe8 Bxe8 27. b5 Qa5 28. h3 Qb4 29. Qd3 Qxf4 30. a4 Qb4 31. Qf3 Bf7 32. Kh2 h6 33. Kg3 g5 34. Kh2 f4 35. Qd3 Bg6 36. Qd2 Bf7 37. Qd3 Qd4 38. Qf3 c4 39. a5 Bg6 40. b6 a6 41. Ne2 Qc5 42. Qc3+ Kh7 43. Qd4 Qc8 44. Qf6 f3 45. gxf3 Qe8 46. Qe6 Qf8 47. Kg2 Bh5 48. Nd4 c3 49. b7 c2 50. Qc8 g4 51. hxg4 1-0

[Event "EU-ch (Women) 5th"]
[Site "Dresden"]
[Date "2004.03.25"]
[Round "5"]
[White "Stefanova, Antoaneta"]
[Black "Lagvilava, Genrieta"]
[Result "1-0"]
[WhiteElo "2478"]
[BlackElo "2302"]
[PlyCount "95"]
[EventDate "2004.03.21"]
[EventType "swiss"]
[EventRounds "12"]
[EventCountry "GER"]
[SourceTitle "CBM 099 Extra"]
[Source "ChessBase"]
[SourceDate "2004.05.04"]
[SourceVersion "1"]
[SourceVersionDate "2004.05.04"]
[SourceQuality "1"]

1. Nf3 f5 2. g3 Nf6 3. Bg2 g6 4. b4 Bg7 5. Bb2 0-0 6. c4 d6 7. d4 Nc6 8. Qb3 Ne4 9. d5 Ne5 10. Nxe5 dxe5 11. Bxe4 fxe4 12. Nd2 Bf5 13. h3 h5 14. g4 hxg4 15. hxg4 Bxg4 16. Qg3 Qd7 17. Nxe4 Qf5 18. Qe3 Qf4 19. Rg1 Qxe3 20. fxe3 Bf5 21. Ng3 Bd7 22. e4 e6 23. Rd1 exd5 24. exd5 Rad8 25. Nf1 Be8 26. Nh2 Rf4 27. Rg4 Rf5 28. e4 Rh5 29. Nf3 a5 30. bxa5 Rd6 31. Kf2 Rf6 32. Rdg1 Rh2+ 33. R1g2 Rh3 34. R4g3 Rh4 35. Ke3 Rh1 36. Nxe5 Bh6+ 37. Kd3 Rd1+ 38. Kc3 Bf4 39. Ng4 Ra6 40. Rf3 Bg5 41. Nf2 Bd2+ 42. Kd3 Rb1 43. Kc2 Rxb2+ 44. Kxb2 Rxa5 45. Ng4 Bg5 46. Ne5 Bh6 47. Nxg6 Bg7+ 48. Ne5 1-0